000 00545nam a2200145Ia 4500
008 100204s9999 xx 000 0 und d
082 _b7234
100 _aअष्टीकर मंदाकिनी
245 _aकरुणेतून तेज झरावे
260 _b"बांदोडकर पब्लिशिंग हाऊस, गोवा"
_c1984
300 _a220
630 _aकरुणेतून तेज झरावे
730 _aकरुणेतून तेज झरावे
942 _cBOOK
999 _c451671
_d451668